| 000 | 00872cam a2200229 4500 | ||
|---|---|---|---|
| 001 | ABS61657 | ||
| 008 | 000000n1999 000 0 eng u | ||
| 035 | _a(Sirsi) u103464 | ||
| 100 | _aDann, N. | ||
| 245 | 4 | _aThe conservation of historic buildings in Britain and The Netherlands: a comparative study | |
| 260 | _c1999 | ||
| 490 |
_aStructural Survey _v 17(4) 1999, 227-230(4) |
||
| 520 | _aDraws comparisons between the system of conserving historic buildings in the UK and The Netherlands. There are several important differences in the funding mechanisms which are considered here. References. | ||
| 590 | _aABS | ||
| 650 | _aHISTORIC BUILDINGS | ||
| 650 | _aNETHERLANDS | ||
| 650 | _aFUNDING | ||
| 650 | _aUNITED KINGDOM | ||
| 690 | _aBUILT ENVIRONMENT-BUILDING MAINTENANCE AND REFURBISHMENT-BUILDING CONSERVATION | ||
| 700 | _aSteel, M. | ||
| 942 | _n0 | ||
| 999 |
_c62163 _d62163 |
||